| 000 -LEADER |
| fixed length control field |
01103nam a22001937a 4500 |
| 005 - DATE AND TIME OF LATEST TRANSACTION |
| control field |
20231018151054.0 |
| 008 - FIXED-LENGTH DATA ELEMENTS--GENERAL INFORMATION |
| fixed length control field |
231018s1955ru xxu||||| |||| 00| 0 rus d |
| 041 ## - LANGUAGE CODE |
| Language code of text/sound track or separate title |
rus |
| 080 ## - UNIVERSAL DECIMAL CLASSIFICATION NUMBER |
| Universal Decimal Classification number |
902.6(479.22) Л-74 |
| 100 ## - MAIN ENTRY--PERSONAL NAME |
| Personal name |
Ломтатидзе, Г.А. (Георгий Александрович) |
| 9 (RLIN) |
20104 |
| 245 ## - TITLE STATEMENT |
| Title |
Археологические раскопки в древнегрузинской столице Мцхета / |
| Statement of responsibility, etc. |
Г.А. Ломтатидзе. |
| 264 ## - PRODUCTION, PUBLICATION, DISTRIBUTION, MANUFACTURE, AND COPYRIGHT NOTICE |
| Place of production, publication, distribution, manufacture |
Тбилиси : |
| Name of producer, publisher, distributor, manufacturer |
Изд-во АН Груз. ССР, |
| Date of production, publication, distribution, manufacture, or copyright notice |
1955. |
| 300 ## - PHYSICAL DESCRIPTION |
| Extent |
116 с., |
| Other physical details |
21 л. ил. ; |
| Dimensions |
22 см. |
| 500 ## - GENERAL NOTE |
| General note |
"Литература о мцхетских раскопках и раскопочных древностях": с. 103-110 |
| 653 ## - INDEX TERM--UNCONTROLLED |
| keyword |
Археологические раскопки в древнегрузинской столице Мцхета |
| 653 ## - INDEX TERM--UNCONTROLLED |
| keyword |
არქეოლოგიური გათხრები ძველ საქართველოს დედაქალაქ მცხეთაში |
| 653 ## - INDEX TERM--UNCONTROLLED |
| keyword |
არქეოლოგია |
| 942 ## - ADDED ENTRY ELEMENTS (KOHA) |
| Source of classification or shelving scheme |
|
| Koha item type |
წიგნი |